<?xml version="1.0" encoding="UTF-8"?>
<marc:record xmlns:marc="http://www.loc.gov/MARC21/slim">
   <marc:leader>00000nam a2200000 a 4500</marc:leader>
   <marc:datafield ind1="1" ind2=" " tag="100">
      <marc:subfield code="a">Rübesamen, Hans Eckart</marc:subfield>
      <marc:subfield code="4">aut</marc:subfield>
      <marc:subfield code="e">Verfasser/-in</marc:subfield>
   </marc:datafield>
   <marc:datafield ind1="1" ind2=" " tag="100">
      <marc:subfield code="a">Rübesamen, Annette</marc:subfield>
      <marc:subfield code="4">aut</marc:subfield>
      <marc:subfield code="e">Verfasser/-in</marc:subfield>
   </marc:datafield>
   <marc:datafield ind1=" " ind2=" " tag="653">
      <marc:subfield code="a">Reiseführer</marc:subfield>
   </marc:datafield>
   <marc:datafield ind1=" " ind2=" " tag="653">
      <marc:subfield code="a">München</marc:subfield>
   </marc:datafield>
   <marc:datafield ind1=" " ind2=" " tag="653">
      <marc:subfield code="a">Deutsches Museum</marc:subfield>
   </marc:datafield>
   <marc:datafield ind1=" " ind2=" " tag="653">
      <marc:subfield code="a">Pinakotheken</marc:subfield>
   </marc:datafield>
   <marc:datafield ind1=" " ind2=" " tag="653">
      <marc:subfield code="a">Olympiapark</marc:subfield>
   </marc:datafield>
   <marc:datafield ind1=" " ind2=" " tag="653">
      <marc:subfield code="a">Softcover / Reiseführer/Deutschland</marc:subfield>
   </marc:datafield>
   <marc:datafield ind1=" " ind2=" " tag="653">
      <marc:subfield code="a">Führer</marc:subfield>
   </marc:datafield>
   <marc:datafield ind1="0" ind2="0" tag="245">
      <marc:subfield code="a">München</marc:subfield>
   </marc:datafield>
   <marc:datafield ind1="0" ind2="0" tag="245">
      <marc:subfield code="c">Hans Eckart Rübesamen ; Annette Rübesamen</marc:subfield>
   </marc:datafield>
   <marc:datafield ind1=" " ind2="1" tag="264">
      <marc:subfield code="a">München</marc:subfield>
      <marc:subfield code="b">Travel-House-Media</marc:subfield>
      <marc:subfield code="c">2014</marc:subfield>
   </marc:datafield>
   <marc:datafield ind1="1" ind2=" " tag="490">
      <marc:subfield code="a">Merian-Momente</marc:subfield>
   </marc:datafield>
   <marc:datafield ind1=" " ind2=" " tag="250">
      <marc:subfield code="a">1. Aufl.</marc:subfield>
   </marc:datafield>
   <marc:datafield ind1="1" ind2=" " tag="520">
      <marc:subfield code="a">Angaben aus der Verlagsmeldung

München : MERIAN live! - Mit Extra-Karte zum Herausnehmen / von Annette Rübesamen, Hans Eckart Rübesamen

Bier oder Kunst, Hightech oder Fußball? Das »Millionendorf« lässt sich nicht einfach auf Klischees reduzieren. Und das ist gut so. Ein Besuch in München verspricht Vielfalt. In keiner anderen deutschen Stadt kann der Gast abwechslungsreicher wohnen, essen, einkaufen oder einfach nur bummeln gehen.

Mit MERIAN live! das Besondere erleben:
MERIAN TopTen: Die Höhepunkte der Stadt auf einen Blick - NEU ENTDECKT: Schneller Überblick über die angesagtesten Locations - MERIAN MOMENTE - Das kleine Glück auf Reisen, Tipps für die kleinen, ganz persönlichen Auszeiten im Urlaub - MIT ALLEN SINNEN - München spüren &amp; erleben: Für unvergessliche Erlebnisse - GRÜNER REISEN: Empfehlungen für den umweltbewussten Urlaub.

MERIAN live! bietet: praktische und übersichtliche Sortierung nach den wichtigsten Stadtteilen - fundierte Beschreibungen aller wichtigen Sehenswürdigkeiten, Museen und Ausflugsziele sowie sorgfältig ausgewählte Hotel- und Restaurantempfehlungen, Kultur-, Ausgeh- und Shoppingadressen - alle in Stadtteilkarten verortet, einen Extra-Stadtplan zum Herausnehmen.
</marc:subfield>
   </marc:datafield>
   <marc:datafield ind1=" " ind2=" " tag="020">
      <marc:subfield code="a">9783834216977</marc:subfield>
      <marc:subfield code="9">9783834216977</marc:subfield>
   </marc:datafield>
   <marc:datafield ind1=" " ind2=" " tag="020">
      <marc:subfield code="a">3834216976</marc:subfield>
      <marc:subfield code="9">3834216976</marc:subfield>
   </marc:datafield>
   <marc:datafield ind1=" " ind2=" " tag="041">
      <marc:subfield code="a">ger</marc:subfield>
   </marc:datafield>
   <marc:datafield ind1=" " ind2=" " tag="300">
      <marc:subfield code="a">191 S.</marc:subfield>
   </marc:datafield>
</marc:record>
